第7回マリオカートにじさんじ杯の二つ名からライバー名を当てよう - Statistics

General Stats
  • This quiz has been taken 64 times
  • The average score is 40 of 93
Answer Stats
ヒント Answer % Correct
みゃの射手 天宮こころ
82%
まめねこパイルダーオン レオス・ヴィンセント
79%
NO ステイ TONIGHT 不破湊
76%
解かれし皇女 リゼ・ヘルエスタ
76%
食戟のベリー 早乙女ベリー
74%
民衆を導くマリカの王子 春崎エアル
74%
星詠む触手 星導ショウ
74%
ぽんちゃんのことかーっ! 先斗寧
71%
烏天狗のロードマップ 山神カルタ
71%
恥。(チ) フレン・E・ルスタリオ
71%
赤甲羅パトロール 栞葉るり
63%
極限(アルティメット)アルティメット柳マキシマム 小柳ロウ
63%
たべてけ!カラアゲマン 赤城ウェン
63%
ざ・宇宙桜(コズミックチェリー) 桜凛月
63%
King of Kings 葛葉
61%
PK(ポンコツ)サイエンティスト 葉加瀬冬雪
61%
歌うノンデリエクソシスト 長尾景
61%
ーワー(あの顔) 雲母たまこ
61%
イナズマヒーロー 伊波ライ
61%
時紡ぎの弦奏魔道士 ミラン・ケストレル
61%
パチ屋を駆ける紫電の彗星 榊ネス
58%
THE BIGGEST アルス・アルマル
55%
爆唱怪盗ロックンピール 渡会雲雀
55%
泥棒 ルイス・キャミー
55%
一騎当千(読めるか!?) 叢雲カゲツ
53%
豪運の綺羅星 空星きらめ
53%
煽り魔(せいそ) ソフィア・ヴァレンタイン
53%
ぽやぽやのたぬき 梢桃音
53%
ハイパー救急搬送 健屋花那
50%
千鳥の鬼 竜胆尊
50%
体張る 甲斐田晴
50%
勝つよ 司賀りこ
50%
喉からオーケストラ 町田ちま
50%
レッサー・オブ・ザ・ゲーム ラトナ・プティ
50%
マナー検定5級 緋八マナ
50%
散歩中のじじい 石神のぞみ
47%
“たぶん”世界を救った男 エクス・アルビオ
47%
ホワイト社会の正義 社築
45%
ファイナリスト請負人 三枝明那
45%
俊足の父親(ネグレクター) 剣持刀也
45%
ソウ君 早瀬走
45%
全力★アンダンテ(歩くような速さで) えま★おうがすと
45%
晩餐女王 白雪巴
42%
殻帝神酷上等!! 樋口楓
42%
陽キャ最速伝説 倉持めると
42%
青眼の白狂犬(ブルーアイズ・ホワイト・チワワ) 雪城眞尋
42%
マリカ解説者 イブラヒム
39%
カオスベビー 獅子堂あかり
39%
浪速のワープスター 笹木咲
39%
終幕のポエマー 来栖夏芽
39%
神域(ゴッドフィールド) シスター・クレア
39%
セク師ーたち 愛園愛美
39%
紅蓮の支配者(レッド・ルーラー) ドーラ
39%
― 永夜 ― 夜見れな
37%
スウィート・ガンマン ローレン・イロアス
37%
最速の熱投 小野町春香
37%
恋のトリックスター 卯月コウ
37%
メインMC 夢追翔
37%
唯一神 魔界ノりりむ
37%
マリカー・ヌーヴォー 酒寄颯馬
34%
煉獄ネイルライダー 奈羅花
34%
微笑みの知能犯(ブレインハッカー)
34%
お布団ブレイカー 七瀬すず菜
34%
歩く観光特区 オリバー・エバンス
34%
運【未開封・美品】 フミ
34%
英才V育 える
34%
スパノバ☆ドリーマー 星川サラ
32%
壁を破る霊丸 北見遊征
32%
プレスティッシモ(きわめて急速) セラフ・ダズルガーデン
32%
峠のバズーカ 佐伯イッテツ
32%
DJ UpStream 渚トラウト
29%
プリプリスクトゥム 本間ひまわり
29%
出資希望額:2000万ニジー 鏑木ろこ
29%
アンロック・バースト 魁星
29%
必勝祈眼 神田笑一
29%
自爆スタントの名人 アンジュ・カトリーナ
26%
猛獣ゴハンハンター 珠乃井ナナ
26%
バーニングオクトパス 立伝都々
26%
深焙の速攻(ヴェローチェ) 風楽奏斗
24%
サーキット生まれ峠育ち 渋谷ハジメ
24%
勝ち星のバッファロー 五十嵐梨花
24%
爆鳴バスターソニック 宇佐美リト
24%
鬼門マスター 綺沙良
24%
超絶剛運状態(ホワイトホール) 海妹四葉
24%
ちえあつめの角獣 レヴィ・エリファ
21%
GET READY & WIN WITH ME レイン・パターソン
21%
ぱぺチャンプ エリー・コニファー
21%
精密ドライバー ベルモンド・バンデラス
21%
パックン・フォビア 鷹宮リオン
18%
旋律の走り屋 鈴木勝
18%
最凶のバイプレイヤー 花畑チャイカ
18%
フェザー・フェア・レディZ 東堂コハク
16%
ハイスピードランウェイ 轟京子
13%
No matching quizzes found
Score Distribution
Percent of People with Each Score
Percentile by Number Answered
Your Score History
You have not taken this quiz